| 000 | 00633nam a2200229Ia 4500 | ||
|---|---|---|---|
| 003 | OSt | ||
| 005 | 20230519094629.0 | ||
| 008 | 210423s2014 xx 000 0 und d | ||
| 020 | _a978-93-5056-230-7 | ||
| 040 | _cAL | ||
| 041 | _aeng | ||
| 082 | _a664.028 SHRT | ||
| 100 |
_aSHRIVASTAVA (Pradeep);SWARUP (Abha) _9109329 |
||
| 245 | _aTechniques of food preservation | ||
| 260 |
_aNew Delhi _bDiscovery Publishing House _c2014 |
||
| 300 |
_avi,320 _bHB |
||
| 365 |
_b2500 _cINR |
||
| 650 |
_aFood Preservation _9109330 |
||
| 650 |
_aFood Technology _9109331 |
||
| 906 | _afood ; preservation ; Techniques | ||
| 942 |
_2ddc _cBK |
||
| 999 |
_c167814 _d167814 |
||